Sociálně-výchovné kontexty práce s ohroženou mládeží : monografie příspěvků z mezinárodní vědecké konference / [editoři Milan Fula, Michael Martinek, Izabela Bienkowska]
Record details
- ISBN: 978-80-904681-0-8 (brož.)
- Physical Description: 300 s. : il. ; 24 cm
- Publisher: Praha : Jabok - Vyšší odborná škola sociálně pedagogická a teologická, 2012
Content descriptions
| General Note: | Nad názvem: Vysoká škola zdravotníctva a sociálnej práce sv. Alžbety, detašované pracovisko Saleziánum v Žiline, katedra sociálnej práce s deťmi a mládežou a Gliwicka Wyższa Szkoła Przedsiębiorczności, Wydział Nauk Humanistyczno-społecznych a Jabok - Vyšší odborná škola sociálně pedagogická a teologická Konference se konala 26.4.2012 v Žilině 200 výt. |
| Bibliography, etc. Note: | Obsahuje bibliografie a bibliografické odkazy |
| Language Note: | Část. polský a slovenský text, anglická resumé |
Search for related items by subject
| Genre: | kolektivní monografie sborníky konferencí collective monographs proceedings of conferences |
Available copies
- 1 of 1 copy available at Common Catalog SPOK.
Holds
- 0 current holds with 1 total copy.
Show Only Available Copies
| Location | Call Number / Copy Notes | Barcode | Shelving Location | Status | Due Date |
|---|---|---|---|---|---|
| Jabok Library | SPr-3.3/S | 424480027730 | Odborná literatura | Available | - |
| LDR | 03507nam a2200733 a 4500 | ||
|---|---|---|---|
| 001 | 17339 | ||
| 003 | CZ-PrJAB | ||
| 005 | 20160816064355.0 | ||
| 007 | ta | ||
| 008 | 130121s2012 xr a f 100 0 cze | ||
| 015 | . | ‡acnb002437422 | |
| 020 | . | ‡a978-80-904681-0-8 (brož.) | |
| 035 | . | ‡a(CONS)17339 | |
| 035 | . | ‡a(CZ PrSKC)nkc20132437422 | |
| 040 | . | ‡aBOA001 ‡bcze | |
| 041 | 0 | . | ‡acze ‡apol ‡aslo ‡beng |
| 072 | 7. | ‡a364-1/-7 ‡xDruhy sociální pomoci a služeb ‡2Konspekt ‡918 | |
| 080 | . | ‡a374.32 ‡2MRF | |
| 080 | . | ‡a316.346.32-053.6-056.49 ‡2MRF | |
| 080 | . | ‡a316.344.7 ‡2MRF | |
| 080 | . | ‡a364-78 ‡2MRF | |
| 080 | . | ‡a27-46 ‡2MRF | |
| 080 | . | ‡a364-212 ‡2MRF | |
| 080 | . | ‡a364-78-027.556 ‡2MRF | |
| 080 | . | ‡a364-7 ‡2MRF | |
| 080 | . | ‡a(048.8:082) ‡2MRF | |
| 080 | . | ‡a(062.534) ‡2MRF | |
| 111 | 2 | . | ‡aSociálně-výchovné kontexty práce s ohroženou mládeží ‡d(2012 : ‡cŽilina, Slovensko) ‡7mzk2013747588 |
| 245 | 1 | 0. | ‡aSociálně-výchovné kontexty práce s ohroženou mládeží : ‡bmonografie příspěvků z mezinárodní vědecké konference / ‡c[editoři Milan Fula, Michael Martinek, Izabela Bienkowska] |
| 260 | . | ‡aPraha : ‡bJabok - Vyšší odborná škola sociálně pedagogická a teologická, ‡c2012 | |
| 300 | . | ‡a300 s. : ‡bil. ; ‡c24 cm | |
| 500 | . | ‡aNad názvem: Vysoká škola zdravotníctva a sociálnej práce sv. Alžbety, detašované pracovisko Saleziánum v Žiline, katedra sociálnej práce s deťmi a mládežou a Gliwicka Wyższa Szkoła Przedsiębiorczności, Wydział Nauk Humanistyczno-społecznych a Jabok - Vyšší odborná škola sociálně pedagogická a teologická | |
| 500 | . | ‡aKonference se konala 26.4.2012 v Žilině | |
| 500 | . | ‡a200 výt. | |
| 504 | . | ‡aObsahuje bibliografie a bibliografické odkazy | |
| 546 | . | ‡aČást. polský a slovenský text, anglická resumé | |
| 650 | 0 | 7. | ‡apráce s mládeží ‡7ph124700 ‡2czenas |
| 650 | 0 | 7. | ‡ariziková mládež ‡7ph120218 ‡2czenas |
| 650 | 0 | 7. | ‡asociálně ohrožené skupiny ‡7ph135661 ‡2czenas |
| 650 | 0 | 7. | ‡asociální práce ‡7ph125805 ‡2czenas |
| 650 | 0 | 7. | ‡apastorační péče ‡7ph138508 ‡2czenas |
| 650 | 0 | 7. | ‡aprevence (sociální problémy) ‡7ph138923 ‡2czenas |
| 650 | 0 | 7. | ‡adobrovolnictví ‡7ph138809 ‡2czenas |
| 650 | 0 | 7. | ‡asociální služby ‡7ph125812 ‡2czenas |
| 650 | 0 | 9. | ‡awork with youth ‡2eczenas |
| 650 | 0 | 9. | ‡aat-risk youth ‡2eczenas |
| 650 | 0 | 9. | ‡apeople with social disabilities ‡2eczenas |
| 650 | 0 | 9. | ‡asocial work ‡2eczenas |
| 650 | 0 | 9. | ‡apastoral attention ‡2eczenas |
| 650 | 0 | 9. | ‡aprevention (social problems) ‡2eczenas |
| 650 | 0 | 9. | ‡avoluntarism ‡2eczenas |
| 650 | 0 | 9. | ‡asocial service ‡2eczenas |
| 655 | 7. | ‡akolektivní monografie ‡7fd501537 ‡2czenas | |
| 655 | 7. | ‡asborníky konferencí ‡7fd133333 ‡2czenas | |
| 655 | 9. | ‡acollective monographs ‡2eczenas | |
| 655 | 9. | ‡aproceedings of conferences ‡2eczenas | |
| 700 | 1 | . | ‡aFula, Milan ‡7mzk2013747375 ‡4edt |
| 700 | 1 | . | ‡aMartinek, Michael ‡7mzk2006363625 ‡4edt |
| 700 | 1 | . | ‡aBieńkowska, Izabela ‡7mzk2013747394 ‡4edt |
| 710 | 2 | . | ‡aVysoká škola zdravotníctva a sociálnej práce Sv. Alžbety. ‡bKatedra sociálnej práce s deťmi a mládežou ‡7mzk2013747727 |
| 710 | 2 | . | ‡aGliwicka Wyższa Szkoła Przedsiębiorczności. ‡bWydział Nauk Humanistyczno-społecznych ‡7mzk2013747580 |
| 710 | 2 | . | ‡aJabok - Vyšší odborná škola sociálně pedagogická a teologická ‡7kn20020502016 |
| 910 | . | ‡aABG312 | |
| 901 | . | ‡a17339 ‡b ‡c17339 ‡tbiblio | |